[Event "DRUZYNOWE MISTRZOSTWA POLSKI - II LIGA 2018"]
[Site "Jastrzebia Gora"]
[Date "1899-12-30"]
[Round "6.75"]
[White "Bartkowiak, Damian"]
[Black "Szmyd, Marek"]
[Result "1/2-1/2"]
[WhiteTitle "k"]
[BlackTitle "k"]
[WhiteElo "2148"]
[BlackElo "1921"]

1. d4 b6 2. e4 Bb7 3. Bd3 Nf6 4. Nc3 Nc6 5. Nge2 e5 6. d5 Nb4 7. O-O Nxd3 8. Qxd3
h6 9. Qg3 d6 10. f4 Nd7 11. Be3 Qe7 12. fxe5 dxe5 13. Nb5 Nf6 14. Rf5 O-O-O 15.
Rxe5 Qd7 16. Ned4 Kb8 17. Qh3 a6 18. Nc3 Qxh3 19. gxh3 g6 20. Nc6+ Bxc6 21. dxc6
Bd6 22. Bd4 Rh7 23. a4 Bxe5 24. Bxe5 Ne8 25. Nd5 f5 26. Nxb6 fxe4 27. Nd7+ Rdxd7
28. cxd7 Rxd7 29. Re1 Rd2 30. Rxe4 Rxc2 31. Bc3 Nd6 32. Re6 Nc4 33. Rxg6 Nxb2
34. Bxb2 Rxb2 1/2-1/2

[Event "DRUZYNOWE MISTRZOSTWA POLSKI - II LIGA 2018"]
[Site "Jastrzebia Gora"]
[Date "1899-12-30"]
[Round "6.76"]
[White "Zminda, Bogdan"]
[Black "Paszek, Krzysztof"]
[Result "1-0"]
[WhiteTitle "k"]
[BlackTitle "k"]
[WhiteElo "1982"]
[BlackElo "2128"]

1. e4 c5 2. Nf3 d6 3. d4 cxd4 4. Nxd4 Nf6 5. Nc3 a6 6. Be2 e6 7. g4 h6 8. Be3 Nc6
9. Nxc6 bxc6 10. Qd2 e5 11. Rg1 Be6 12. O-O-O Qa5 13. f4 Bxa2 14. Nxa2 Qxa2 15.
Qb4 Qe6 16. g5 hxg5 17. fxg5 Rxh2 18. gxf6 Rxe2 19. fxg7 1-0

[Event "DRUZYNOWE MISTRZOSTWA POLSKI - II LIGA 2018"]
[Site "Jastrzebia Gora"]
[Date "1899-12-30"]
[Round "6.77"]
[White "Niemier, Hubert"]
[Black "Borowski, Przemyslaw"]
[Result "0-1"]
[WhiteTitle "I"]
[BlackTitle "I"]
[WhiteElo "1838"]
[BlackElo "1807"]

1. d4 Nf6 2. c4 Nc6 3. Nc3 e5 4. d5 Ne7 5. e4 Ng6 6. Bd3 Bb4 7. Qc2 O-O 8. Nge2
d6 9. O-O a5 10. a3 Bc5 11. Rb1 Bg4 12. Bd2 Qc8 13. b4 axb4 14. axb4 Ba7 15. Bg5
Nh5 16. Nb5 h6 17. Nxa7 Rxa7 18. Be3 Bf3 19. Ng3 Nhf4 20. Bxf4 Nxf4 21. Nf5 Qd8
22. gxf3 Qg5+ 23. Ng3 h5 24. Kh1 h4 25. Rg1 hxg3 26. fxg3 Nh3 27. Rge1 Rfa8 28.
Qg2 Qh6 29. Bf1 Ng5 30. f4 exf4 31. gxf4 Nh7 32. Qf3 Ra2 33. Re2 R8a3 34. Qf2
Rxe2 35. Bxe2 Nf6 36. e5 Ne4 37. Qg2 Ng3+ 38. Kg1 Nxe2+ 39. Qxe2 Qg6+ 0-1

[Event "DRUZYNOWE MISTRZOSTWA POLSKI - II LIGA 2018"]
[Site "Jastrzebia Gora"]
[Date "1899-12-30"]
[Round "6.78"]
[White "Czaplewska, Klara"]
[Black "Huchwajda, Katarzyna"]
[Result "1-0"]
[WhiteTitle "k+"]
[BlackTitle "I++"]
[WhiteElo "1873"]
[BlackElo "1766"]

1. e4 c5 2. Nf3 e6 3. d4 cxd4 4. Nxd4 Nc6 5. Nc3 Nf6 6. Nxc6 bxc6 7. e5 Nd5 8.
Ne4 Qc7 9. f4 Qb6 10. Bd3 Bb4+ 11. c3 Be7 12. c4 Bb4+ 13. Ke2 f5 14. exf6 Nxf6
15. Be3 Qd8 16. c5 Nxe4 17. Bxe4 O-O 18. Qd4 Rb8 19. Rad1 Qh4 20. h3 Qg3 21. Kf1
Kh8 22. Kg1 Ba6 23. Bf3 e5 24. Qxe5 Rbe8 25. Qd4 Be2 26. Bf2 Qxf4 27. Qxf4 Rxf4
28. Rxd7 Bxf3 29. gxf3 Rxf3 30. a3 Ba5 31. Rxa7 Bd8 32. Ra8 Rxf2 33. Rxd8 Rxd8
34. Kxf2 Rd2+ 35. Kf3 Rxb2 36. a4 Rb3+ 37. Ke4 Rb7 38. a5 g6 39. Ke5 Kg7 40. Kd6
h5 41. Kxc6 Rf7 42. a6 Ra7 43. Kb6 1-0

[Event "DRUZYNOWE MISTRZOSTWA POLSKI - II LIGA 2018"]
[Site "Jastrzebia Gora"]
[Date "1899-12-30"]
[Round "6.79"]
[White "Zakrzewski, Marek"]
[Black "Banasik, Krzysztof"]
[Result "1/2-1/2"]
[WhiteTitle "FM"]
[BlackTitle "k"]
[WhiteElo "2352"]
[BlackElo "2231"]

1. c4 Nf6 2. g3 c5 3. Bg2 g6 4. Nc3 Bg7 5. Nf3 Nc6 6. O-O d6 7. d4 cxd4 8. Nxd4
Bd7 9. Nc2 O-O 10. b3 Qa5 11. Bb2 Qh5 12. e4 Bg4 13. f3 Bh3 14. Bxh3 Qxh3 15.
Qd2 Rac8 16. Ne3 Qh5 17. Ncd5 Nxd5 18. Nxd5 Bxb2 19. Qxb2 Qe5 20. Qxe5 dxe5 21.
Kf2 Kg7 22. Rfd1 Rfd8 23. Nc3 Kf6 24. Rxd8 Rxd8 25. Rd1 Rd4 26. Ke2 Rxd1 27. Nxd1
Nd4+ 28. Kf2 Ke6 29. Nb2 Kd6 30. Nd3 f6 31. f4 exf4 32. gxf4 e5 33. fxe5+ fxe5
34. c5+ Ke6 35. b4 g5 36. a4 a6 37. Nb2 Nc6 38. Nd3 Nd4 39. Nb2 Nc6 40. Nd3 Nd4
1/2-1/2

[Event "DRUZYNOWE MISTRZOSTWA POLSKI - II LIGA 2018"]
[Site "Jastrzebia Gora"]
[Date "1899-12-30"]
[Round "6.80"]
[White "Kowalczyk, Rafal"]
[Black "Hemmerling, Jaroslaw"]
[Result "1-0"]
[WhiteTitle "k+"]
[BlackTitle "I++"]
[WhiteElo "2242"]
[BlackElo "1910"]

1. e4 e5 2. Nf3 Nf6 3. Nxe5 d6 4. Nf3 Nxe4 5. c4 c6 6. Nc3 d5 7. cxd5 cxd5 8. Nxe4
dxe4 9. Qa4+ Nd7 10. Qxe4+ Be7 11. Be2 O-O 12. O-O Re8 13. d4 Bf6 14. Qc2 Nb6
15. Bf4 Bg4 16. Be5 Rc8 17. Qe4 Qd7 18. h3 Bf5 19. Qf4 Nd5 20. Qg3 Rc2 21. Bd1
Rxb2 22. Bb3 Bg6 23. Rac1 b6 24. Rfe1 Rd8 25. h4 h5 26. Bxf6 gxf6 27. Ne5 fxe5
28. Rxe5 Rxb3 29. axb3 Nf6 30. d5 Qd6 31. Rce1 Kg7 32. Qc3 Kh7 33. f4 Nxd5 34.
Qf3 f6 35. R5e2 Nxf4 36. Re7+ Kg8 37. Qb7 Nh3+ 38. gxh3 Qg3+ 39. Qg2 Qxg2+ 40.
Kxg2 Rd3 41. Rxa7 Rxb3 42. Ree7 Kf8 43. Re6 Rb2+ 44. Kf3 Rb3+ 45. Ke2 Bd3+ 46.
Kd2 Bc4 47. Rc6 Bb5 48. Rc8+ Be8 49. Raa8 Rb2+ 50. Ke3 Rb3+ 51. Ke4 Rb4+ 52. Kf5
1-0

[Event "DRUZYNOWE MISTRZOSTWA POLSKI - II LIGA 2018"]
[Site "Jastrzebia Gora"]
[Date "1899-12-30"]
[Round "6.81"]
[White "Bajerlein, Dawid"]
[Black "Tustanowski, Robert"]
[Result "1/2-1/2"]
[WhiteTitle "k"]
[BlackTitle "m"]
[WhiteElo "2026"]
[BlackElo "2238"]

1. d4 Nf6 2. c4 e6 3. Nc3 Bb4 4. Qc2 O-O 5. e4 d5 6. e5 Ne4 7. Bd3 c5 8. Nge2 cxd4
9. Nxd4 Nd7 10. Bf4 Qh4 11. g3 Qh5 12. O-O Bxc3 13. bxc3 g5 14. cxd5 exd5 15.
Bxe4 dxe4 16. e6 gxf4 17. exd7 Bxd7 18. Qxe4 fxg3 19. fxg3 b6 20. Nf5 Bxf5 21.
Rxf5 Qh6 22. Raf1 Rae8 23. Qg4+ Kh8 24. Qd4+ Kg8 25. Qg4+ Kh8 26. Qd4+ Kg8 27.
Qg4+ Kh8 1/2-1/2

[Event "DRUZYNOWE MISTRZOSTWA POLSKI - II LIGA 2018"]
[Site "Jastrzebia Gora"]
[Date "1899-12-30"]
[Round "6.82"]
[White "Siekaniec, Jan"]
[Black "Bernat, Marcin"]
[Result "0-1"]
[WhiteTitle "k"]
[BlackTitle "k"]
[WhiteElo "2071"]
[BlackElo "2080"]

1. e4 e6 2. d3 c5 3. Nf3 Nc6 4. g3 g6 5. Bg2 Bg7 6. O-O Nge7 7. c3 e5 8. Nbd2 O-O
9. Ne1 d6 10. f4 f5 11. Ndf3 h6 12. Be3 Kh7 13. Qc2 Be6 14. Nh4 Qd7 15. Nef3 Rac8
16. Rae1 Nd4 17. Qb1 Nxf3+ 18. Nxf3 b6 19. Bd2 Rce8 20. b3 a5 21. Re2 exf4 22.
gxf4 b5 23. Rfe1 b4 24. Qc1 Nc6 25. exf5 Bxf5 26. Rxe8 Rxe8 27. cxb4 axb4 28.
Qc4 Nd4 29. Nxd4 Bxd4+ 30. Kf1 Rxe1+ 31. Bxe1 Qe7 32. Bf2 Bxf2 33. Kxf2 Kg7 34.
Qd5 Qh4+ 35. Ke2 Qxf4 36. Qb7+ Kf6 37. Qa8 Bg4+ 38. Ke1 Qe3+ 39. Kf1 Be2+ 40.
Ke1 Bf3+ 41. Kf1 Qe2+ 42. Kg1 Qxg2# 0-1

[Event "DRUZYNOWE MISTRZOSTWA POLSKI - II LIGA 2018"]
[Site "Jastrzebia Gora"]
[Date "1899-12-30"]
[Round "6.83"]
[White "Glatty, Zbigniew"]
[Black "Tustanowski, Mateusz"]
[Result "1-0"]
[WhiteTitle "I"]
[BlackTitle "I++"]
[WhiteElo "1823"]
[BlackElo "2064"]

1. e4 c5 2. Nf3 d6 3. d4 cxd4 4. Nxd4 Nf6 5. Nc3 g6 6. Be3 Ng4 7. Bb5+ Nc6 8. Nxc6
bxc6 9. Bxc6+ Bd7 10. Bxa8 Nxe3 11. fxe3 Qxa8 12. Qd4 e5 13. Qd3 Be7 14. O-O O-O
15. Nd5 Bd8 16. b4 Kg7 17. c4 Qc6 18. a4 a5 19. Qc3 Be6 20. bxa5 Qc5 21. Qb4 Qxb4
22. Nxb4 Bxa5 23. Nd5 Rc8 24. Rfc1 Bd2 25. Rc2 Bxd5 26. Rxd2 Bxe4 27. Rxd6 Rxc4
28. Rd2 Kf6 29. a5 Rc7 30. a6 Ra7 31. Kf2 Ke6 32. Ra5 h5 33. g3 Kf5 34. Rd6 1-0

[Event "DRUZYNOWE MISTRZOSTWA POLSKI - II LIGA 2018"]
[Site "Jastrzebia Gora"]
[Date "1899-12-30"]
[Round "6.84"]
[White "Kopica, Paulina"]
[Black "Debowiak, Arleta"]
[Result "1/2-1/2"]
[WhiteTitle "k"]
[BlackTitle "k+"]
[WhiteElo "1940"]
[BlackElo "1889"]

1. e4 c5 2. Nf3 d6 3. c3 Nf6 4. h3 e5 5. Bd3 Nc6 6. O-O Be7 7. Re1 O-O 8. Bc2 d5
9. d4 cxd4 10. cxd4 Nxd4 11. Nxd4 exd4 12. e5 Ne4 13. f3 Nc5 14. Qxd4 b6 15. b4
Ne6 16. Qd3 g6 17. a3 a5 18. b5 Bb7 19. Rd1 Rc8 20. Qe2 Bh4 21. Be3 Qc7 22. Bb3
Qxe5 23. Ra2 Nc5 24. Bxc5 Qxe2 25. Rxe2 Rxc5 26. a4 Bg3 27. Re7 Ba8 28. Rd7 Rfc8
29. Kf1 Kg7 30. Ke2 Re8+ 31. Kf1 h5 32. Ra7 h4 33. Rd7 Re3 34. Ba2 Rc2 35. Bxd5
Bxd5 36. R7xd5 Rf2+ 37. Kg1 Ree2 38. R5d2 Rxg2+ 39. Kh1 Rh2+ 40. Kg1 Rhg2+ 41.
Kh1 Rxd2 42. Nxd2 Re2 43. Nc4 Bf2 44. Rd6 Re6 45. Rd5 f5 46. Kg2 Be3 47. Nxe3
Rxe3 48. Rd4 g5 49. Rd6 Ra3 50. Rxb6 Rxa4 51. Ra6 Ra2+ 52. Kg1 a4 53. b6 Rb2 54.
Rxa4 Rxb6 55. Ra5 Kf6 56. Kg2 Rb2+ 1/2-1/2

[Event "DRUZYNOWE MISTRZOSTWA POLSKI - II LIGA 2018"]
[Site "Jastrzebia Gora"]
[Date "1899-12-30"]
[Round "6.85"]
[White "Luba, Lukasz"]
[Black "Wyczling, Bartosz"]
[Result "1-0"]
[WhiteTitle "I++"]
[BlackTitle "k"]
[WhiteElo "2130"]
[BlackElo "2216"]

1. d4 Nf6 2. c4 c5 3. d5 b5 4. cxb5 a6 5. bxa6 Bxa6 6. Nc3 d6 7. g3 g6 8. e4 Bxf1
9. Kxf1 Bg7 10. Kg2 O-O 11. h4 Nbd7 12. g4 h5 13. g5 Ng4 14. Nh3 Qb6 15. Qe2 Rfc8
16. f3 Nge5 17. Nf2 Qb4 18. Rh3 Nc4 19. f4 Ncb6 20. Qc2 c4 21. Rf3 Nc5 22. Rb1
Nbd7 23. Bd2 Qa5 24. b4 cxb3 25. axb3 Na6 26. Qd1 Bxc3 27. Rxc3 Rxc3 28. Qe1 Rac8
29. Ra1 Qb5 30. Bxc3 Qxb3 31. Bf6 exf6 32. Rxa6 fxg5 33. Rc6 Ra8 34. Rc3 Qb2 35.
hxg5 Nc5 36. e5 Ra2 37. exd6 Ne4 38. d7 Nxf2 39. Qe8+ Kg7 40. Qe5+ Kh7 41. Rc8
Qxe5 42. fxe5 Ng4+ 43. Kf1 Ne3+ 44. Ke1 1-0

[Event "DRUZYNOWE MISTRZOSTWA POLSKI - II LIGA 2018"]
[Site "Jastrzebia Gora"]
[Date "1899-12-30"]
[Round "6.86"]
[White "Kindler, Przemyslaw"]
[Black "Flak, Pawel"]
[Result "0-1"]
[WhiteTitle "k"]
[BlackTitle "k"]
[WhiteElo "2109"]
[BlackElo "2159"]

1. e4 Nf6 2. d3 d5 3. Nd2 c5 4. Ngf3 Bg4 5. c3 e6 6. Be2 Nc6 7. O-O Be7 8. e5 Nd7
9. d4 cxd4 10. cxd4 Bf5 11. Nb3 O-O 12. Bd3 Bxd3 13. Qxd3 Nb4 14. Qe2 Qb6 15.
Bd2 Rfc8 16. Bc3 Nxa2 17. Rxa2 Qxb3 18. Rfa1 a6 19. Nd2 Qb6 20. f4 Qc6 21. Nf1
b5 22. Ne3 b4 23. Bd2 Qb6 24. Rxa6 Qb7 25. f5 Bg5 26. Nxd5 Qxd5 27. Rxa8 Rxa8
28. Rxa8+ Qxa8 29. Bxg5 Qd5 30. fxe6 fxe6 31. Qd2 Qc4 32. Be7 b3 33. Bb4 Nb6 34.
h3 Na4 35. Ba3 h6 36. Kf2 Nb6 37. Bb4 Nd5 38. Ba3 Kf7 39. h4 Qc2 40. Qxc2 bxc2
41. b4 Nxb4 42. Ke2 Nd5 43. Bc1 Kg6 44. g4 h5 45. gxh5+ Kxh5 46. Bg5 c1=Q 47.
Bxc1 Kxh4 48. Kf3 g5 49. Bd2 Kh5 50. Kg3 Ne7 51. Kf3 Kh4 52. Be1+ Kh3 53. Bf2
g4+ 54. Kf4 Nd5+ 55. Ke4 g3 56. Bxg3 Kxg3 57. Kd3 Kf4 58. Kc4 Ke4 59. Kc5 Nf4
0-1

[Event "DRUZYNOWE MISTRZOSTWA POLSKI - II LIGA 2018"]
[Site "Jastrzebia Gora"]
[Date "1899-12-30"]
[Round "6.87"]
[White "Rakowiecki, Andrzej"]
[Black "Piliczewski, Bogusz"]
[Result "0-1"]
[WhiteTitle "I"]
[BlackTitle "I+"]
[WhiteElo "1962"]
[BlackElo "2042"]

1. d4 d5 2. c4 c6 3. Nf3 Nf6 4. Nc3 e6 5. Bg5 Nbd7 6. e3 Qa5 7. Nd2 Bb4 8. Qc2
O-O 9. Nb3 Qc7 10. Bf4 Bd6 11. Bxd6 Qxd6 12. c5 Qe7 13. f4 b6 14. cxb6 axb6 15.
Be2 Ba6 16. O-O Bxe2 17. Qxe2 c5 18. Rfb1 c4 19. Nd2 Qb4 20. a3 Qa5 21. b4 cxb3
22. Rxb3 Rfc8 23. Qd3 Rc6 24. Na2 Rac8 25. Rb5 Qa4 26. Rab1 Rc2 27. R1b4 Qa6 28.
Qb3 Rxd2 29. Ra4 Qb7 30. h3 g6 31. Nb4 Ne4 32. Kh2 Nc3 33. Nd3 Nxa4 34. Nc5 Naxc5
35. dxc5 Rxc5 36. Rb4 Rcc2 37. a4 Rxg2+ 38. Kh1 d4 39. e4 Qxe4 0-1

[Event "DRUZYNOWE MISTRZOSTWA POLSKI - II LIGA 2018"]
[Site "Jastrzebia Gora"]
[Date "1899-12-30"]
[Round "6.88"]
[White "Putlak, Wojciech"]
[Black "Leszner, Liliana"]
[Result "1/2-1/2"]
[WhiteTitle "I++"]
[BlackTitle "WIM"]
[WhiteElo "2017"]
[BlackElo "2017"]

1. d4 Nf6 2. Nf3 g6 3. g3 Bg7 4. Bg2 c5 5. c3 O-O 6. O-O Na6 7. Nbd2 d5 8. dxc5
Nxc5 9. Nb3 Nce4 10. Ng5 Bf5 11. Nd4 Bd7 12. Nxe4 dxe4 13. Qc2 e5 14. Nb3 Bf5
15. Be3 Qc8 16. Rfd1 a5 17. a4 Qc6 18. h3 h5 19. Bc5 Rfc8 20. Rd6 Qe8 21. Be3
Rc6 22. Qd2 Bf8 23. Rxc6 Qxc6 24. Kh2 Qc4 25. Nc1 Rc8 26. Bb6 Qa6 27. Be3 Be7
28. Bg5 Rd8 29. Qe1 Bc5 30. Nb3 Be7 31. Rd1 Qb6 32. Rxd8+ Bxd8 33. Qd1 Be7 34.
Be3 Qc7 35. Nd2 Nd5 36. Bxe4 Nxe3 37. fxe3 Qc5 38. Bxf5 gxf5 39. Nf1 Qc6 40. Qc2
e4 41. h4 Bf6 42. Qb3 Qd7 43. Kg2 Kg7 44. Kf2 Be5 45. Kg2 Qc7 46. Qd5 Kg6 47.
Qb5 b6 48. Kf2 Bd6 49. Qe8 Kg7 50. Qb5 Kg6 51. Qd5 Be5 52. Kg2 Bd6 1/2-1/2

[Event "DRUZYNOWE MISTRZOSTWA POLSKI - II LIGA 2018"]
[Site "Jastrzebia Gora"]
[Date "1899-12-30"]
[Round "6.89"]
[White "Magierski, Dariusz"]
[Black "Paziak, Patryk"]
[Result "0-1"]
[WhiteTitle "II"]
[BlackTitle "I"]
[WhiteElo "1614"]
[BlackElo "1803"]

1. Nf3 Nf6 2. c4 g6 3. Nc3 Bg7 4. d4 c5 5. d5 O-O 6. e3 d6 7. Be2 e6 8. O-O exd5
9. cxd5 Na6 10. e4 Nc7 11. Bg5 Qe8 12. Nd2 b5 13. f3 b4 14. Na4 Bd7 15. b3 Qe5
16. Bxf6 Qxf6 17. Rb1 Qd4+ 18. Kh1 Nb5 19. Nc4 f5 20. Qxd4 Bxd4 21. Bd3 Rf6 22.
Rbe1 fxe4 23. fxe4 Raf8 24. h3 Rf2 25. Rxf2 Rxf2 26. Re2 Rf1+ 27. Kh2 Bg1+ 28.
Kg3 Nd4 29. Rb2 Rd1 30. Be2 Nxe2+ 31. Rxe2 Rd3+ 32. Kh4 Bd4 33. e5 dxe5 34. Nxe5
Bxe5 35. Rxe5 Bxa4 36. bxa4 Kf7 37. d6 c4 38. Re7+ Kf6 39. Rxa7 Rxd6 40. Rb7 Rd4+
41. g4 c3 42. Rc7 Rd3 43. g5+ Kf5 44. Rc5+ Ke4 45. a5 Ke3 46. a6 Rd7 47. Rc4 Kd2
48. Rxb4 c2 49. Rb7 Rd4+ 50. Kg3 c1=Q 0-1

[Event "DRUZYNOWE MISTRZOSTWA POLSKI - II LIGA 2018"]
[Site "Jastrzebia Gora"]
[Date "1899-12-30"]
[Round "6.90"]
[White "Kindler, Karolina"]
[Black "Bogusz, Katarzyna"]
[Result "1-0"]
[WhiteTitle "I++"]
[BlackTitle "I"]
[WhiteElo "1632"]
[BlackElo "1291"]

1. d4 Nf6 2. Nf3 g6 3. Bg5 Bg7 4. c3 c5 5. e3 b6 6. Nbd2 Bb7 7. Bd3 O-O 8. O-O
d6 9. e4 Nfd7 10. d5 Na6 11. Nc4 Ne5 12. Nfxe5 f6 13. Nxg6 hxg6 14. Bh4 Kf7 15.
f4 Rh8 16. Qg4 Bc8 17. Qg3 b5 18. Ne3 c4 19. Bc2 Nc5 20. e5 Nd3 21. e6+ Bxe6 22.
dxe6+ Kxe6 23. Qxg6 Rxh4 24. Qxg7 d5 25. f5+ Kd7 26. Nxd5 Rh8 27. Bxd3 cxd3 28.
Rad1 Kc6 29. Nxe7+ Kc5 30. Qxf6 Qd6 31. b4+ 1-0

[Event "DRUZYNOWE MISTRZOSTWA POLSKI - II LIGA 2018"]
[Site "Jastrzebia Gora"]
[Date "1899-12-30"]
[Round "6.91"]
[White "Goluch, Piotr"]
[Black "Kozak, Antoni"]
[Result "1-0"]
[WhiteTitle "FM"]
[BlackTitle "k"]
[WhiteElo "2299"]
[BlackElo "2231"]

1. e4 c5 2. c3 d5 3. exd5 Qxd5 4. d4 Nf6 5. Nf3 Nc6 6. Be3 e6 7. Bd3 Be7 8. O-O
O-O 9. Qe2 cxd4 10. cxd4 Nb4 11. Nc3 Qh5 12. Bc4 Bd7 13. a3 Nbd5 14. Qd3 Bc6 15.
Ne5 Bd6 16. Bxd5 Bxd5 17. Nxd5 Nxd5 18. f4 Rac8 19. Rac1 f6 20. Nc4 Bc7 21. g3
Qf5 22. Qxf5 exf5 23. Bd2 Bb6 24. Nxb6 axb6 25. Kf2 Kf7 26. a4 Ke6 27. Ke2 Nc7
28. Kd3 Kd5 29. Rc4 Ne6 30. Rb4 Rfd8 31. Rb5+ Kc6 32. Rc1+ Kd7 33. Rxc8 Kxc8 34.
Be3 Rd6 35. d5 Nc7 36. Rxb6 Rxd5+ 37. Bd4 Rd7 38. Rb4 Re7 39. Rc4 Kd7 40. Bf2
Nd5 41. b4 g5 42. fxg5 fxg5 43. b5 f4 44. a5 Nc7 45. b6 Na6 46. gxf4 gxf4 47.
Rxf4 Kc6 48. Kc4 Re6 49. h4 Re5 50. Rf6+ Kd7 51. Rh6 Rxa5 52. Rxh7+ Kc6 53. Rh6+
Kd7 54. h5 Nb8 55. Rh7+ Ke6 56. Rxb7 Nd7 57. h6 Rh5 58. Be3 Ne5+ 59. Kb4 Ng4 60.
Bc5 Rxh6 61. Re7+ Kd5 62. Rd7+ Ke5 63. b7 Rh8 64. Bd4+ 1-0

[Event "DRUZYNOWE MISTRZOSTWA POLSKI - II LIGA 2018"]
[Site "Jastrzebia Gora"]
[Date "1899-12-30"]
[Round "6.92"]
[White "Sendera, Jaroslaw"]
[Black "Lukasiewicz, Krzysztof"]
[Result "1/2-1/2"]
[WhiteTitle "FM"]
[BlackTitle "k"]
[WhiteElo "2269"]
[BlackElo "2242"]

1. e4 c5 2. Nf3 d6 3. c3 Nf6 4. Bd3 Nbd7 5. Bc2 b6 6. O-O Bb7 7. Re1 e6 8. d4 Be7
9. Nbd2 Qc7 10. a4 O-O 11. e5 dxe5 12. dxe5 Nd5 13. Qe2 Nf4 14. Qe3 Ng6 15. h4
Rfd8 16. h5 Nh4 17. Nxh4 Bxh4 18. Nf3 Be7 19. Ng5 h6 20. Bh7+ Kh8 21. Nxf7+ Kxh7
22. Qd3+ Kg8 23. Nxh6+ gxh6 24. Qg6+ Kh8 25. Qxh6+ Kg8 26. Qxe6+ Kh8 27. Qh6+
Kg8 28. Qg6+ Kh8 29. Qh6+ Kg8 30. Qg6+ Kh8 31. Qh6+ 1/2-1/2

[Event "DRUZYNOWE MISTRZOSTWA POLSKI - II LIGA 2018"]
[Site "Jastrzebia Gora"]
[Date "1899-12-30"]
[Round "6.93"]
[White "Jankowiak, Tomasz"]
[Black "Mika, Tomasz"]
[Result "0-1"]
[WhiteTitle "k"]
[BlackTitle "I++"]
[WhiteElo "2107"]
[BlackElo "2141"]

1. e4 c5 2. Nf3 d6 3. Bb5+ Bd7 4. Bxd7+ Qxd7 5. O-O Nc6 6. c3 Nf6 7. Re1 e6 8.
d4 cxd4 9. cxd4 d5 10. e5 Ne4 11. Nbd2 Nxd2 12. Bxd2 Be7 13. Rc1 O-O 14. Rc3 Rac8
15. a3 Qc7 16. b4 Qb6 17. Qc2 Rc7 18. Rc1 Rfc8 19. Qd3 a6 20. h3 h6 21. g3 Na7
22. Rxc7 Rxc7 23. Rxc7 Qxc7 24. Qc3 Qc4 25. Qb2 Bd8 26. Ne1 Nb5 27. Nc2 Qe2 28.
Be3 Nxa3 29. Qxa3 Qxc2 30. Qc1 Qxc1+ 31. Bxc1 Kf8 32. Kf1 Ke8 33. Ke2 Kd7 34.
Kd3 Kc6 35. Kc3 Kb5 36. Kb3 b6 37. Ba3 h5 38. f4 g6 39. Bc1 a5 40. Ba3 a4+ 41.
Kc3 Be7 42. g4 hxg4 43. hxg4 Bf8 44. g5 Be7 0-1

[Event "DRUZYNOWE MISTRZOSTWA POLSKI - II LIGA 2018"]
[Site "Jastrzebia Gora"]
[Date "1899-12-30"]
[Round "6.94"]
[White "Sondej, Dominik"]
[Black "Lukasiewicz, Anna"]
[Result "1/2-1/2"]
[WhiteTitle "I"]
[BlackTitle "m"]
[WhiteElo "1875"]
[BlackElo "2094"]

1. Nf3 d5 2. g3 Nf6 3. Bg2 c6 4. d3 Bg4 5. Nbd2 Nbd7 6. O-O e5 7. h3 Bh5 8. b3
Bc5 9. Bb2 e4 10. dxe4 dxe4 11. Nd4 Bg6 12. e3 h5 13. Qe2 O-O 14. Rfd1 Qe7 15.
a3 a5 16. Nc4 Nb6 17. Nxb6 Bxb6 18. Qc4 Bc7 19. Ne2 Be5 20. Bxe5 Qxe5 21. Qd4
Qc7 22. Qd6 Qc8 23. Nf4 Bf5 24. Qe5 Re8 25. Qc3 Qc7 26. Rd2 Red8 27. Rad1 Rxd2
28. Rxd2 Rd8 29. Rd4 Rxd4 30. Qxd4 Qe7 31. b4 axb4 32. axb4 g6 33. Bf1 Nd7 34.
Bg2 Qe5 35. g4 hxg4 36. hxg4 Bxg4 37. Qxe5 Nxe5 38. Bxe4 f5 39. Bg2 Kf7 40. b5
Bf3 1/2-1/2

[Event "DRUZYNOWE MISTRZOSTWA POLSKI - II LIGA 2018"]
[Site "Jastrzebia Gora"]
[Date "1899-12-30"]
[Round "6.95"]
[White "Jankowiak, Piotr"]
[Black "Stefanski, Robert"]
[Result "1-0"]
[WhiteTitle "I+"]
[BlackTitle "k"]
[WhiteElo "1925"]
[BlackElo "1696"]

1. e4 d6 2. d4 Nf6 3. Nc3 g6 4. h3 Bg7 5. Be3 O-O 6. g4 e5 7. d5 c5 8. Qd2 a6 9.
a4 Qa5 10. Ra3 Qb4 11. f3 c4 12. Nd1 Qxd2+ 13. Kxd2 Nbd7 14. a5 Rb8 15. Bxc4 b5
16. axb6 Nxb6 17. Bd3 Nfd7 18. b4 f5 19. Nb2 Nxd5 20. Bc4 Bb7 21. c3 N7f6 22.
g5 Nh5 23. Ne2 fxe4 24. fxe4 Nhf4 25. Bxf4 exf4 26. Nd3 Kh8 27. Bxd5 f3 28. Nef4
Be5 29. Nxe5 dxe5 30. Bxb7 Rxb7 31. Nd5 f2 32. Ke2 Rbf7 33. Nf6 1-0

[Event "DRUZYNOWE MISTRZOSTWA POLSKI - II LIGA 2018"]
[Site "Jastrzebia Gora"]
[Date "1899-12-30"]
[Round "6.96"]
[White "Cyboran, Katarzyna"]
[Black "Czarniecka, Aleksandra"]
[Result "0-1"]
[WhiteTitle "I++"]
[BlackTitle "k"]
[WhiteElo "1825"]
[BlackElo "1822"]

1. d4 Nf6 2. Bf4 g6 3. Nc3 c5 4. d5 d6 5. e4 Bg7 6. Qd2 Qa5 7. Nf3 O-O 8. h4 h5
9. Bd3 Ng4 10. O-O Nd7 11. Rfe1 a6 12. a4 Re8 13. Nh2 Nxh2 14. Bxh2 Qb6 15. Ra2
Ne5 16. a5 Qc7 17. f4 Ng4 18. e5 dxe5 19. fxe5 Nxh2 20. Kxh2 Bxe5+ 21. Kh1 Bf4
22. Qd1 Bg4 23. Be2 Bxe2 24. Nxe2 Be5 25. c4 e6 26. dxe6 Rxe6 27. Ng1 Rae8 28.
Nf3 Bf6 29. Rxe6 Rxe6 30. b3 Qg3 31. Qd5 Rd6 32. Qxc5 Rd1+ 0-1

[Event "DRUZYNOWE MISTRZOSTWA POLSKI - II LIGA 2018"]
[Site "Jastrzebia Gora"]
[Date "1899-12-30"]
[Round "6.97"]
[White "Krzywicki, Dariusz"]
[Black "Gierulski, Kamil"]
[Result "1/2-1/2"]
[WhiteTitle "m"]
[BlackTitle "k++"]
[WhiteElo "2130"]
[BlackElo "2219"]

1. Nf3 d5 2. g3 c6 3. Bg2 Bg4 4. O-O Nd7 5. d3 e6 6. Nbd2 Bd6 7. b3 Ne7 8. Bb2
O-O 9. e4 Bh5 10. Qe1 c5 11. Kh1 Re8 12. Ng1 Qc7 13. f4 f6 14. Ngf3 Nc6 15. Qf2
b5 16. Nh4 Nb6 17. f5 Be5 18. Bxe5 Nxe5 19. fxe6 d4 20. h3 Rxe6 21. Ndf3 Bxf3
22. Bxf3 Rd8 23. Rad1 Nc8 24. Ng2 Ra6 25. Nf4 Ne7 26. Bg2 Qd6 27. Ra1 Ra3 28.
Kh2 Qa6 29. Nd5 Nxd5 30. exd5 Rxa2 31. Rxa2 Qxa2 32. b4 cxb4 33. Qxd4 Rc8 34.
d6 Rxc2 35. Qe4 Rxg2+ 36. Qxg2 Qxg2+ 37. Kxg2 a5 38. Re1 Kf7 39. d4 Nc6 40. d7
b3 41. d5 Nd8 42. Re8 b2 1/2-1/2

[Event "DRUZYNOWE MISTRZOSTWA POLSKI - II LIGA 2018"]
[Site "Jastrzebia Gora"]
[Date "1899-12-30"]
[Round "6.98"]
[White "Miasik, Adrian"]
[Black "Krzewski, Dariusz"]
[Result "0-1"]
[WhiteTitle "I++"]
[BlackTitle "k"]
[WhiteElo "1830"]
[BlackElo "2182"]

1. d4 b5 2. Nf3 Bb7 3. e3 a6 4. c4 bxc4 5. Bxc4 e6 6. Nc3 Nf6 7. O-O Be7 8. d5
exd5 9. Nxd5 O-O 10. Qb3 Nxd5 11. Bxd5 Bxd5 12. Qxd5 c6 13. Qb3 a5 14. e4 Na6
15. Bf4 Nc5 16. Qc2 d5 17. Rad1 Qd7 18. Be3 Na6 19. Ne5 Qe6 20. Nxc6 dxe4 21.
Nxe7+ Qxe7 22. Rd4 Rfe8 23. Rc4 Nb4 24. Qb3 Nd3 25. Qc3 Qe6 26. b3 f5 27. Rc7
Re7 28. Rxe7 Qxe7 29. Qc4+ Qf7 30. Qxf7+ Kxf7 31. f3 Ke6 32. fxe4 fxe4 33. Rd1
Rc8 34. Kf1 Rc2 35. Rd2 Rc1+ 0-1

[Event "DRUZYNOWE MISTRZOSTWA POLSKI - II LIGA 2018"]
[Site "Jastrzebia Gora"]
[Date "1899-12-30"]
[Round "6.99"]
[White "Kupryjaniuk, Tomasz"]
[Black "Ciasnocha, Michal"]
[Result "0-1"]
[WhiteTitle "I"]
[BlackTitle "I"]
[WhiteElo "1878"]
[BlackElo "1741"]

1. e4 e5 2. d4 exd4 3. Qxd4 Nc6 4. Qa4 Nf6 5. Nc3 Bc5 6. Nf3 d6 7. Bg5 Bd7 8. Qc4
h6 9. Bh4 g5 10. Bg3 Qe7 11. O-O-O O-O-O 12. Nd2 Ne5 13. Bxe5 Qxe5 14. f3 Bd4
15. Qb3 Bxc3 16. bxc3 Be6 17. Bc4 d5 18. exd5 Bxd5 19. g3 Rhe8 20. Qa3 Qe3 21.
Rhe1 Qxe1 22. Rxe1 Rxe1+ 23. Kb2 Bxc4 24. Nxc4 Kb8 25. Qc5 Re6 26. Kc1 Re1+ 27.
Kb2 Re6 28. Kc1 Nd5 29. f4 gxf4 30. gxf4 Nxf4 31. Qf5 Ne2+ 32. Kb2 Rde8 33. Qxf7
a6 34. Qh5 R8e7 35. Qc5 Re4 36. Nd2 R4e5 37. Qf2 h5 38. Nb3 Re8 39. Nc5 Ka8 40.
Qf7 R8e7 41. Qf8+ Ka7 42. Qf2 b6 43. Nb3 Re3 44. c4 a5 45. a4 Nc3 46. Qf5 Nxa4+
47. Ka2 Nc3+ 48. Kb2 a4 49. Nd4 a3+ 50. Kc1 Re1+ 51. Kd2 Nb1+ 52. Kd3 R7e3# 0-1

[Event "DRUZYNOWE MISTRZOSTWA POLSKI - II LIGA 2018"]
[Site "Jastrzebia Gora"]
[Date "1899-12-30"]
[Round "6.100"]
[White "Nowakowski, Jacek"]
[Black "Hennig, Tadeusz"]
[Result "0-1"]
[WhiteTitle "I"]
[BlackTitle "I+"]
[WhiteElo "1652"]
[BlackElo "2019"]

1. c4 e5 2. Nc3 Nc6 3. Nf3 Nf6 4. d3 d6 5. h3 h6 6. e3 Be7 7. Be2 O-O 8. O-O d5
9. cxd5 Nxd5 10. a3 Be6 11. Qc2 Qd7 12. Rd1 Bf6 13. Ne4 Be7 14. Nc5 Bxc5 15. Qxc5
f6 16. Bd2 Nce7 17. e4 Nf4 18. Bxf4 exf4 19. d4 Rfd8 20. Rac1 c6 21. Bc4 b6 22.
Bxe6+ Qxe6 23. Qc3 Rac8 24. Re1 Rd7 25. Qd2 g5 26. e5 f5 27. Qb4 Rcd8 28. Qa4
g4 29. hxg4 fxg4 30. Nh4 b5 31. Qa5 Rxd4 32. Qxa7 R8d7 33. Qc5 R4d5 34. Qb6 Rd2
35. Re4 Qf7 36. e6 Qf6 37. g3 Rd1+ 38. Rxd1 Rxd1+ 39. Kh2 fxg3+ 40. fxg3 Qxb2+
41. Ng2 Qb1 42. Rxg4+ Kh7 43. Nh4 Rh1+ 0-1